Mirovoe značenie tvorčestva Michaila Šolochova

Bibliographic Details
Main Author: Ovčarenko, A. (Author)
Format: Book
Language:Undetermined
PhysicalDescription:364 s.
Published: Moskva "Sovremennik" 1976

MARC

LEADER 00000nam a2200000 a 4500
001 vtls001306833
003 SK-MaSNL
005 20260301005014.0
008 240314s1976 xx 0 und
035 |a SNK000259097 
040 |a SNK  |b slo  |c SNK  |e AACR2 
100 1 |a Ovčarenko, A.  |4 aut  |9 288671 
245 1 0 |a Mirovoe značenie tvorčestva Michaila Šolochova 
260 |a Moskva  |b "Sovremennik"  |c 1976 
300 |a 364 s. 
958 |a OND 
999 |c 543913  |d 545843 
952 |t P60, <04>, [BOOK], {604}  |a SNK  |b SNK  |y VYP  |7 0  |p 17A0104377  |o snkIC 70394  |0 0  |1 0  |4 0  |d 1997-10-21  |l 0  |r 2005-01-02 00:00:00  |w 2026-02-23